000 00447nam a2200181Ia 4500
001 21268
005 20260306172907.0
008 260306t2010||||xx |||||||||||||| ||spa||
041 _aESP
082 _a344.512
_bF48
100 _aBacigalupo, Enrique
_eAUT
245 0 _aEl homicidio y aborto en la legislación peruana
260 _c2010
300 _a382 pƔginas :
_c24 cm.
650 _aGEN
654 _aCDE
942 _cLIB
_dJUS
_fJUS
_2ddc
_n
999 _c21268
_d21268